Optimalizácia návrhu DC/DC meničov napätia pre nízkovýkonové aplikácie
Guardado en:
| Autor principal: | |
|---|---|
| Otros Autores: | |
| Formato: | Manuscrito Libro |
| Lenguaje: | eslovaco |
| Publicado: |
Bratislava :
STU v Bratislave FEI,
2025
|
| Materias: | |
| Acceso en línea: | https://opac.crzp.sk/?fn=detailBiblioFormChildE162HR&sid=809C367C54749DCAAB40A8FF7E5A&seo=CRZP-detail-kniha |
| Etiquetas: |
Sin Etiquetas, Sea el primero en etiquetar este registro!
|
MARC
| LEADER | 00000ntm a22000003a 4500 | ||
|---|---|---|---|
| 001 | stuzp96553 | ||
| 003 | SK-STU | ||
| 005 | 20260323135649.7 | ||
| 007 | ta | ||
| 008 | 150427s2015----xo-----f-mn---000-0-slo-d | ||
| 040 | |a STU |b slo | ||
| 041 | 0 | |a slo | |
| 044 | |a xo | ||
| 100 | 1 | |a Mitra, Marcel |u 034000 |4 aut |U FEI Fakulta elektrotechniky a informatiky |T FEI Ústav elektrotechniky |X 98240 |U E040 |Y 550 |7 98240 | |
| 242 | 0 | 1 | |a Optimization of DC/DC converters design for low power applications |y eng |
| 245 | 1 | 0 | |a Optimalizácia návrhu DC/DC meničov napätia pre nízkovýkonové aplikácie |
| 260 | |a Bratislava : |b STU v Bratislave FEI, |c 2025 | ||
| 300 | |a 99 s. | ||
| 650 | 4 | |a selection algorithm |2 eng | |
| 650 | 4 | |a efficiency measurement |2 eng | |
| 650 | 4 | |a linear regulator |2 eng | |
| 650 | 4 | |a switched-mode regulator |2 eng | |
| 650 | 4 | |a LabVIEW |2 eng | |
| 650 | 4 | |a LabVIEW |2 slo | |
| 650 | 4 | |a algoritmus optimálneho výberu |2 slo | |
| 650 | 4 | |a meranie účinnosti |2 slo | |
| 650 | 4 | |a spínaný regulátor |2 slo | |
| 650 | 4 | |a lineárny regulátor |2 slo | |
| 700 | 1 | |a Korenko, Branislav |u 034000 |k Z8 |4 ths |U FEI Fakulta elektrotechniky a informatiky |T FEI Ústav elektrotechniky |X 12090 |U E040 |Y 550 |7 A000012090 | |
| 856 | 4 | |u https://opac.crzp.sk/?fn=detailBiblioFormChildE162HR&sid=809C367C54749DCAAB40A8FF7E5A&seo=CRZP-detail-kniha | |